000 00510nam a2200205Ia 4500
999 _c17415
_d17415
003 GCL
005 20240530100417.0
008 140319s9999 xx 000 0 eng d
040 _aGCL /
_cGCL
082 0 4 _a738.1
_bC C
100 1 _aCOSENTION, PETER
245 1 0 _aCREATIVE POTTERY /
_cCOSENTION, PETER
260 _a[S.N] :
_bTIGER BOOKS INTERNATIONAL ،
_c1993
300 _a160
650 0 4 _aDRAWING
650 0 4 _aARTS
650 0 4 _aPAINTING - ILLUSTRATION
650 0 4 _aPOTTERY
942 _2ddc
_cBK